Visualizzazione normale
Vista MARC
- Stepien W.
di Personal Name
Records bibliografici associati: 1
001 - CONTROL NUMBER
- control field: 24596
003 - CONTROL NUMBER IDENTIFIER
- control field: IT-RoPau
005 - DATE AND TIME OF LATEST TRANSACTION
- control field: 20140511205109.0
008 - FIXED-LENGTH DATA ELEMENTS
- fixed length control field: 140511|| aca||aabn | a|a d
040 ## - CATALOGING SOURCE
- Original cataloging agency: IT-RoPau
- Transcribing agency: IT-RoPau
100 ## - HEADING--PERSONAL NAME
- Personal name: Stepien W.
- Dates associated with a name: Codice autore testo/musica SPICS: 25500
- Relator term: Autore testo/musica
- Name of part/section of a work: Male Mieszkanko Na Mariensztacie
670 ## - SOURCE DATA FOUND
- Source citation: Work cat.: (IT-RoPau)99828: AA.VV. 794, Gdyby Nie Tywarszawo! (Lp Sx T 74)